000 00310pab a2200121 454500
008 180718b xxu||||| |||| 00| 0 eng d
100 _aSezhiyan, Era
245 _aBudget 1992-93: deception in fiscal management
650 _a Financial Management
650 _aBudget - India
773 _aJanata
909 _a21505
999 _c21505
_d21505